Códigos para la ciudadanía : la formación ética como práctica de la libertad /

Guardado en:
Autor Principal: Gentili, Pablo
Formato: Libro
Publicado: Buenos Aires : Santillana, 2000
Series:Saberes claves para educadores
Materias:
Etiquetas: Agregar Etiqueta
Sin Etiquetas, Sea el primero en etiquetar este registro!
LEADER 01442nam a22002055a 4500
001 CEM.cems013172
005 20090908111306.0
008 130507s2000##################000#0#####d
003 CEMS
020 |a 950468736 
082 0 4 |a 323 
100 1 |a Gentili, Pablo 
245 1 0 |a Códigos para la ciudadanía :  |b la formación ética como práctica de la libertad /  |c Coordinado Por Pablo Gentili 
260 |a Buenos Aires :  |b Santillana,  |c 2000 
300 |a 144 p. 
490 0 |a Saberes claves para educadores 
505 0 |a Miradas, voces y silencios: algunas cuestiones preliminares / Pablo Gentili -- Educación y ciudadanía: la formación ética como desafío político / Pablo Gentili -- La formación ética de los ciudadanos y la invención de la escuela / Lilian do Valle -- Fabricando pobres y peligrosos: los derechos humanos y sus (casi permanente) negación / Cecilia María Boucas Coimbra -- La construcción escolar de las diferencias sexuales y de género / Guacira Lopes Louro -- Iguales y diferentes: escuela y diversidad cultural / Nilma Lino Gomes -- Discursos y prácticas sobre la diferencia y la normalidad. Las exclusiones del lenguaje, del cuerpo y de la mente / Carlos Skliar -- La ética como práctica de la libertad: cuestiones para pensar la formación ética en la escuela / Walter Omar Kohan 
653 |a Ciudadanía 
653 |a Formación ética y ciudadana 
859 |a CEMS  |b BIB. CEMS - 11 de abril  |h 323  |i G289  |p 25627.09  |t Ej.1